| 000 | 00841nam a22002777a 4500 | ||
|---|---|---|---|
| 005 | 20260408092617.0 | ||
| 008 | 260408t20152022sp ||||| |||| 00| 0 spa d | ||
| 020 | _a978-84-8473-665-3 | ||
| 040 | _aIste | ||
| 041 | _aspa | ||
| 044 | _asp | ||
| 082 |
_a612.39 _bM412 |
||
| 100 |
_aMataix Verdú, José _cAutor _eAutor _99509 |
||
| 245 |
_aNutrición y alimenación humana: _bI. nutrientes y alimentos |
||
| 250 |
_a2a. ed. _b1a. reimp. |
||
| 260 |
_aMadrid - España _bERGON _c2022 |
||
| 300 |
_a872 páginas, _bgráficos, ilustraciones, tablas. |
||
| 650 |
_aHIDRATOS DE CARBONO _99510 |
||
| 650 |
_aLÍPIDOS _99511 |
||
| 650 |
_aPROTEÍNAS Y AMINOACIDOS _99512 |
||
| 650 |
_aVITAMINAS _9120 |
||
| 650 |
_aMINERALES _99513 |
||
| 653 | _aTECNOLOGÍA Y CIENCIAS MÉDICAS | ||
| 653 | _aNUTRICIÓN | ||
| 942 |
_2udc _cLB _zUCat |
||
| 999 |
_c1879 _d1879 |
||